Logo BPK

Bibliografia Prac Pracowników

Politechniki Koszalińskiej

Analiza techniczna gazów / (Rekord nr 9912)

Szczegóły MARC
000 -ETYKIETA REKORDU
podpole kontrolne o stałej długości 00661naa a2200157 i 4500
001 - NUMER KONTROLNY REKORDU
podpole kontrolne 9912
003 - IDENTYFIKATOR NUMERU KONTROLNEGO REKORDU
podpole kontrolne KOSZ 005
005 - DATA OSTATNIEJ MODYFIKACJI REKORDU
podpole kontrolne 20180411144156.0
008 - POLE O STAŁEJ DŁUGOŚCI - DANE KONTROLNE
podpole kontrolne o stałej długości 180411s1981 pl f f |000 0 pol
040 ## - ŹRÓDŁO KATALOGOWANIA
Instytucja, która utworzyła rekord KOSZ 005/HR
Instytucja, która sporządziła opis KOSZ 005/HR
100 1# - NAZWA OSOBOWA
Nazwa osobowa CHARUN, Henryk.
Lata pracy 1978-1982.
Instytucja Wyższa Szkoła Inżynierska - Instytut Budowy Maszyn
245 10 - TYTUŁ/ODPOWIEDZIALNOŚĆ
Tytuł Analiza techniczna gazów /
Pozostałe elementy strefy tytułu i oznaczenia odpowiedzialności Henryk Charun.
650 #0 - HASŁO PRZEDMIOTOWE W FORMIE NAZWY OGÓLNEJ LUB JEDNOSTKOWEJ
Nazwa ogólna lub geograficzna Termodynamika techniczna.
773 0# - TYTUŁ DOKUMENTU MACIERZYSTEGO
Wyrażenie wprowadzające W :
Tytuł Materiały pomocnicze do ćwiczeń laboratoryjnych z podstaw techniki cieplnej / pod red. Mariana Czapp. -
Adres wydawniczy Koszalin : Wydaw. Uczelniane Wyższej Szkoły Inżynierskiej, 1981. -
Informacje dotyczące relacji s. 234-287
942 ## - HASŁO DODATKOWE - ELEMENTY(KOHA)
Typ dokumentu Rozdział
Schemat klasyfikacji Uniwersalna klasyfikacja dziesiętna

Brak dostępnych egzemplarzy.

© 2014 Biblioteka Politechniki Koszalińskiej :: BIBLIOGRAFIA PRAC PRACOWNIKÓW